Statistiques concernant Les réponses commencent par AC

Cliquez ici pour prendre le quiz!

Statistiques générales

  • Ce quiz a été pris 207 fois
  • Le résultat moyen est 15 sur 20

Statistiques - réponses

Réponse% Correct
Accélérer
99%
Accordéon
95%
Achille
94%
Accepter
89%
Acte
88%
Accoucher
85%
Accident
83%
Accueil
82%
Acupuncture
81%
Accoster
77%
Acrobate
77%
Achever
76%
Acide
76%
Açores
75%
Académie
73%
Accalmie
62%
Acapulco
61%
Acétone
60%
Acoustique
60%
Aconcagua
29%

Distribution des résultats

Percentile par nombre de réponses

% des personnes avec chaque résultat

Votre développement - résultats

Vous n’avez pas pris ce quiz